000 00828cam a2200253 a 4500
001 000014448
005 20200929163843.0
008 781208s1969 ve b 000 0 spa
040 _aDO-SdBNP
_cDLC
_dDLC
043 _as-ve---
050 0 0 _aF2320
_b.C34
082 _annn
_bC314t
100 1 _aCarrera Damas, Germán
_d1930-
_932599
245 1 0 _aTemas de historia social y de las ideas :
_bestudios y conferencias /
_cGermán Carrera Damas.
260 _aCaracas :
_bBiblioteca de la Universidad Central de Venezuela,
_c1969.
300 _a198 p. ;
_c21 cm.
490 1 _aTemas
500 _aIncluye notas al pie de las páginas.
504 _aIncluye referencias bibliográficas.
651 0 _aVenezuela
_xHistoriography.
_932600
830 0 _aTemas ;
_99064
910 _aCatalogación por copia / LC
049 _aBNGR
999 _c14037
_d14037